• 首页
  • 本馆介绍
  • 公告通知
  • 最新文献
  • 馆藏检索
  • 电子资源
  • 读者导购
  • 参考咨询
  • 我的图书馆
  • 登录
  • 详细信息显示
  • 放入我的书架
  • 预约/预借图书
  • 作者相关作品
  • 分类相关作品
  • 丛书相关作品
  • 出版社相关作品

书目信息

  • 表格格式
  • 工作单格式
  • 卡片格式
书名: Introduction to matrix methods in optics
作者: [by] A. Gerrard [and] J. M. Burch
分册号:
分册名:
出版地: London ;
 
出版社: Wiley
出版时间: [1975].
页数: xiii, 355 p. :
开本: 24 cm.
丛书名:
中图分类号:
科图分类号:
其他分类号: O43:H31
主题词:
电子资源:
000 00911nam 2200265 a 4500
001 E0731315833
005 20070228084355.84
008 00110 eng
008 uu
010    @a72021192
020    @a0471296856 :@cCNY2.00.
049    @aN5LA
090    @aO43:H31
099    @dO43:H31@ex19
100 10 @aGerrard, A. @q(Anthony)
245 10 @aIntroduction to matrix methods in optics / @c[by] A. Gerrard [and] J. M. Burch
260 0  @aLondon ;@aNew York :@bWiley,@c[1975].
300    @axiii, 355 p. :@billus. ;@c24 cm.
490 0  @aWiley series in pure and applied optics
500    @a"A Wiley-Interscience publication."
504    @aBibliography: p. 338-341.
650  0 @aMatrices.
650  0 @aOptics.
700 10 @aBurch, J. M. @q(James M.) @ejoint author. @b00 @c20020930 @lNLC09 @h2247 @b00 @c20021018 @lNLC09 @h0741 @lNLC09 @h2306 @lNLC09 @h1857
852 9  @bWWJC @cJ08S @k2 @hO436 @iGA
    
    Introduction to matrix methods in optics / / [by] A. Gerrard [and] J. M. Burch.-London ; ; New York : : Wiley, , [1975].
    xiii, 355 p. : : illus. ; ; 24 cm.- (Wiley series in pure and applied optics )
    "A Wiley-Interscience publication." .-Bibliography: p. 338-341.
    
    ISBN 0471296856 :CNY2.00.
    
●
相关链接 在E读中查询图书 在五车中查询图书 在当当中查询图书 在豆瓣中查询图书


正题名:Introduction to matrix methods in optics     索取号:O43:H31/x19         预约/预借

序号 登录号 条形码 馆藏地/架位号 状态 备注
1 68466   000637822   第四借阅区/ [索取号:O43:H31/x19] 在馆    
唐山师范学院图书馆 欢迎您!
大连网信软件有限公司© 版权所有